000 00305nam a22001337a 4500
008 180309b xxu||||| |||| 00| 0 eng d
020 _a9780198506980
041 _aeng
080 _a54
100 _a12
101 _aKIM
245 _aGreen chemistry theory and practice
_cAnastas,P.T
942 _2udc
_cBK
999 _c44565
_d44565